[Event "Wroclaw op-B 7th"]
[Site "Wroclaw"]
[Date "2012.07.06"]
[Round "5"]
[White "Pieprzyk, Dawid"]
[Black "Rimeikis, Andrius"]
[Result "1/2-1/2"]
[WhiteElo "1872"]
[BlackElo "2091"]
[PlyCount "66"]
[EventDate "2012.07.02"]
[EventType "swiss"]
[EventRounds "9"]
[EventCountry "POL"]
[SourceTitle "EXT 2013"]
[Source "ChessBase"]
[SourceDate "2012.11.22"]
[SourceVersion "1"]
[SourceVersionDate "2012.11.22"]
[SourceQuality "1"]

1. e4 e5 2. Nf3 Nc6 3. d4 exd4 4. Nxd4 Nf6 5. Nxc6 bxc6 6. e5 Qe7 7. Qe2 Nd5 8. c4 Ba6 9. b3 g6 10. f4 Bg7 11. Qf2 Nf6 12. Qf3 0-0-0 13. Be2 Rhe8 14. Ba3 d6 15. Nc3 Ng8 16. 0-0-0 Bb7 17. Bd3 f5 18. Qf2 Kb8 19. exd6 cxd6 20. Rhe1 Qf7 21. Rxe8 Qxe8 22. Re1 Qd7 23. Qd2 Nf6 24. Bb2 Re8 25. Rxe8+ Nxe8 26. Qe3 Nc7 27. g3 Qe6 28. Qxe6 Nxe6 29. Ne2 Bxb2+ 30. Kxb2 c5 31. Kc3 Bf3 32. Ng1 Bg2 33. Kd2 Nd4 1/2-1/2

[Event "Wroclaw op-B 7th"]
[Site "Wroclaw"]
[Date "2012.07.04"]
[Round "3"]
[White "Somyk, Marcin"]
[Black "Pieprzyk, Dawid"]
[Result "1/2-1/2"]
[WhiteElo "1979"]
[BlackElo "1872"]
[PlyCount "76"]
[EventDate "2012.07.02"]
[EventType "swiss"]
[EventRounds "9"]
[EventCountry "POL"]
[SourceTitle "EXT 2013"]
[Source "ChessBase"]
[SourceDate "2012.11.22"]
[SourceVersion "1"]
[SourceVersionDate "2012.11.22"]
[SourceQuality "1"]

1. e4 e5 2. Nf3 Nc6 3. Bb5 Bc5 4. d3 d6 5. c3 Nf6 6. 0-0 0-0 7. Nbd2 Re8 8. d4 exd4 9. cxd4 Bb4 10. d5 a6 11. Ba4 b5 12. dxc6 bxa4 13. Qxa4 Bxd2 14. Nxd2 d5 15. Rd1 Qd6 16. exd5 Bg4 17. Nf3 Bxf3 18. gxf3 Nxd5 19. Qc4 Rad8 20. Bg5 f6 21. Bh4 Qe6 22. Rd4 g5 23. Rad1 gxh4 24. Rxd5 Kh8 25. Rxd8 Qxc4 26. Rxe8+ Kg7 27. Rd7+ Kg6 28. Kg2 Qxc6 29. Ree7 h3+ 30. Kg3 Qc1 31. Rg7+ Kf5 32. Kxh3 Qf1+ 33. Rg2 Qe2 34. Rxh7 Qxf3+ 35. Rg3 Qxf2 36. Rh5+ Ke6 37. Ra5 Qf1+ 38. Rg2 Qf3+ 1/2-1/2

[Event "Wroclaw op-B 7th"]
[Site "Wroclaw"]
[Date "2012.07.02"]
[Round "1"]
[White "Pieprzyk, Dawid"]
[Black "Lipski, Lukasz"]
[Result "1-0"]
[WhiteElo "1872"]
[BlackElo "1494"]
[PlyCount "63"]
[EventDate "2012.07.02"]
[EventType "swiss"]
[EventRounds "9"]
[EventCountry "POL"]
[SourceTitle "EXT 2013"]
[Source "ChessBase"]
[SourceDate "2012.11.22"]
[SourceVersion "1"]
[SourceVersionDate "2012.11.22"]
[SourceQuality "1"]

1. e4 c5 2. Nf3 d6 3. d4 cxd4 4. Nxd4 Nf6 5. f3 g6 6. c4 Bg7 7. Be3 Qa5+ 8. Nc3 Nc6 9. Qd2 Nxd4 10. Bxd4 Be6 11. Be2 Rc8 12. b3 0-0 13. Rc1 a6 14. Rc2 Qh5 15. Be3 Qh4+ 16. g3 Qh3 17. Nd1 Qg2 18. Nf2 b5 19. Qd1 b4 20. Bf1 Qxh1 21. Nxh1 Nd7 22. Nf2 Bc3+ 23. Bd2 Bxd2+ 24. Qxd2 a5 25. Qg5 Ne5 26. Be2 f6 27. Qe3 f5 28. f4 Nc6 29. Bf3 fxe4 30. Bxe4 Bf5 31. Bxf5 Rxf5 32. Qe2 1-0